[Десет] 10 съвременни чешки разказвачи (Запис номер 182672)
[ съкратено ]
| 000 -Лидер | |
|---|---|
| Контролно поле с фиксирана дължина | 02238nam a2200409 c 4500 |
| 003 - Код на организацията, давaща контролен номер | |
| Контролно поле | BLK |
| 005 - Дата и час на последна редакция | |
| Контролно поле | 20240429094633.0 |
| 008 - Елементи от данни с фиксирана дължина | |
| fixed length control field | 180411b bul|||||r ||||||| ||bul|| |
| 010 ## - Наследен системен номер | |
| LC control number | KNG00191597000 |
| 040 ## - Източник на каталожния запис | |
| Идентификатор на билиотеката - собственик на записа | BLK |
| 041 ## - Код за език | |
| Код за езика на текст/звукозапис или на отделно заглавие | Български |
| Код за езика КДБФ | Български |
| 080 ## - УДК | |
| Текстов определител УДК | Чешка литература |
| УДК код - определител по УДК | 821.162.3 |
| УДК определител | -32 |
| УДК - код + определител | 821.162.3-32 |
| 139 ## - Редно поле | |
| Редна дума | [Десет] 10 съвременни чешки разказвачи |
| Авторски знак | Дес - Д 45 |
| 245 10 - Сведения за заглавието | |
| Заглавие | [Десет] 10 съвременни чешки разказвачи |
| Подзаглавни данни | Сб. разкази |
| Редно поле (дума) | състав. Невена Захариева; прев. от чеш. Любомир Кючуков; * Маргарита Кюркчиева; * Матилда Бераха; * Донка Вакарелска-Немова; * Драгомир Арабаджиев; * Иван Александров Павлов; * Людмила Кроужилова; * Петър Коларски; с предг. от Янко Бъчваров. |
| 257 ## - Страна на издаване | |
| Страна на създаване/издаване | Чехия |
| 260 ## - Област на издателските данни | |
| -- | София |
| Име на издателя, разпространителя и проч. | Нар. култура |
| Година на издаване | 1977 |
| 300 ## - Физическа характеристика | |
| Страници | 256 c. |
| Размери/Мащаб | 17 см |
| 380 ## - Жанр | |
| Жанр | Худож. лит. |
| 490 1# - СЕРИИ (Колекции) | |
| Име на серия | Библиотека Панорама |
| №: серия | 61 |
| 490 1# - СЕРИИ (Колекции) | |
| -- | Подсерия |
| Име на серия | Серия Проза |
| №: серия | 49 |
| 700 1# - Други автори (авторска отговорност) | |
| Лично име | Захариева, Невена |
| Автороска отговорност (Описва отношението между автора и произведението) | състав. |
| Друга информация | Димитрова, Невена Захариева |
| 9 (RLIN) | 372671 |
| 700 1# - Други автори (авторска отговорност) | |
| Лично име | Кючуков, Любомир |
| Автороска отговорност (Описва отношението между автора и произведението) | прев. от чеш. |
| 9 (RLIN) | 381793 |
| 700 1# - Други автори (авторска отговорност) | |
| Лично име | Кюркчиева, Маргарита |
| Автороска отговорност (Описва отношението между автора и произведението) | * |
| 9 (RLIN) | 371698 |
| 700 1# - Други автори (авторска отговорност) | |
| Лично име | Бераха, Матилда |
| Автороска отговорност (Описва отношението между автора и произведението) | * |
| 9 (RLIN) | 382454 |
| 700 1# - Други автори (авторска отговорност) | |
| Лично име | Вакарелска-Немова, Донка |
| Автороска отговорност (Описва отношението между автора и произведението) | * |
| 9 (RLIN) | 342995 |
| 700 1# - Други автори (авторска отговорност) | |
| Лично име | Арабаджиев, Драгомир |
| Автороска отговорност (Описва отношението между автора и произведението) | * |
| 9 (RLIN) | 342984 |
| 700 ## - Други автори (авторска отговорност) | |
| Лично име | Павлов, Иван Александров |
| Дати, свързани с автора | 1944-2005 |
| Друга информация | Филолог. Литературовед. Преводач от чешки език. |
| 9 (RLIN) | 364944 |
| 700 1# - Други автори (авторска отговорност) | |
| Лично име | Кроужилова, Людмила |
| Автороска отговорност (Описва отношението между автора и произведението) | * |
| 9 (RLIN) | 84375 |
| 700 1# - Други автори (авторска отговорност) | |
| Лично име | Коларски, Петър |
| Автороска отговорност (Описва отношението между автора и произведението) | * |
| 9 (RLIN) | 342996 |
| 700 1# - Други автори (авторска отговорност) | |
| Лично име | Бъчваров, Янко |
| Автороска отговорност (Описва отношението между автора и произведението) | с предг. от |
| 9 (RLIN) | 367940 |
| 852 ## - Местоположение | |
| Форматна сигнатура | Цб I 15547 |
| 856 4# - Електронен адрес и достъп | |
| Електронен формат | pdf - файл |
| Път до файла /url/ | |
| 856 4# - Електронен адрес и достъп | |
| Електронен формат | pdf - файл |
| Път до файла /url/ | |
| 942 ## - АРТИКУЛИ | |
| Вид на библиотечния материал | Книги |
| Скрит в OPAC | Не |
| 944 ## - СЪЗДАВАНЕ И РЕДАКЦИЯ на ЗАПИСА | |
| Създаване/Редакция | Създаване |
| Дата на регистрацията/редакция | 05.10.2016 |
| Служител, извършил регистрацията/редакцията | 30560 |
| Статус, дата на статуса | Геновева Генчева |
| 944 ## - СЪЗДАВАНЕ И РЕДАКЦИЯ на ЗАПИСА | |
| Създаване/Редакция | Редакция |
| Дата на регистрацията/редакция | 05.10.2016 |
| Служител, извършил регистрацията/редакцията | Теодора_Стоянова |
| 999 ## - СИСТЕМНИ КОНТРОЛНИ НОМЕРА | |
| Koha biblionumber | 182672 |
| Koha biblioitemnumber | 182672 |
| Код за отписване | Код за изгубен артикул | Източник на класификационната схема | Код за повреда | Коз за рестрикции | Код за отдаване | Артикулен № | Име на библиотеката - собственик | Име на библиотеката, в която се намира в момента | Статус (Текущо местоположение) | Дата на вписване в системата | Местоположение - отдел | Цена в лева | Инвентарен номер | Систематично азбучна сигнатура | Баркод | Номер на екземпляра | Цена в евро | Служебна бележка | Служебен тип на артикула |
|---|---|---|---|---|---|---|---|---|---|---|---|---|---|---|---|---|---|---|---|
| Не е изгубен | Universal Decimal Classification | Не е повреден | само за читалня | ползва се в читалня | 314030 | Регионална библиотека "Любен Каравелов" Русе | Регионална библиотека "Любен Каравелов" Русе | Хранилище | 1977-01-01 | Хранилище | 1.00 | 230226 | Цб I 15547 | 120000230226 | 1 | 0.51 | Вид: Сф Дата: 01.01.1977 | Книги | |
| Изтеглен | Не е изгубен | Universal Decimal Classification | Не е повреден | без рестрикции | заемане за дома | 314031 | Регионална библиотека "Любен Каравелов" Русе | Регионална библиотека "Любен Каравелов" Русе | Заемна - подръчен фонд | 1977-01-01 | Заемна - подръчен фонд | 1.00 | 229685 | П 885.0-32/Д 45 | 120000229685 | 2 | 0.51 | Вид: Сф Дата: 01.01.1977 Дата инв: 08.02.2018 Бележки инв: П2018 | Книги |
| Изтеглен | Не е изгубен | Universal Decimal Classification | Не е повреден | без рестрикции | заемане за дома | 314032 | Регионална библиотека "Любен Каравелов" Русе | Регионална библиотека "Любен Каравелов" Русе | Заемна - подръчен фонд | 1977-01-01 | Заемна - подръчен фонд | 1.00 | 229687 | П 885.0-32/Д 45 | 229687 | 3 | 0.51 | Вид: Сф Дата: 01.01.1977 | Книги |
| Изтеглен | Не е изгубен | Universal Decimal Classification | Не е повреден | без рестрикции | заемане за дома | 314033 | Регионална библиотека "Любен Каравелов" Русе | Регионална библиотека "Любен Каравелов" Русе | Заемна - подръчен фонд | 1977-01-01 | Заемна - подръчен фонд | 1.00 | 229688 | П 885.0-32/Д 45 | 229688 | 4 | 0.51 | Вид: Сф Дата: 01.01.1977 | Книги |
| Изтеглен | Не е изгубен | Universal Decimal Classification | Не е повреден | без рестрикции | заемане за дома | 314034 | Регионална библиотека "Любен Каравелов" Русе | Регионална библиотека "Любен Каравелов" Русе | Заемна - подръчен фонд | 1977-01-01 | Заемна - подръчен фонд | 1.00 | 229690 | П 885.0-32/Д 45 | 229690 | 5 | 0.51 | Вид: Сф Дата: 01.01.1977 | Книги |